[Event "Reykjavik Open 2018"]
[Site "Reykjavik ISL"]
[Date "2018.03.12"]
[Round "7.110"]
[White "Magnusdottir, Veronika Steinunn"]
[Black "Olafsson, Arni"]
[Result "1-0"]
[WhiteElo "1735"]
[BlackElo "1231"]
[WhiteFideId "2309114"]
[BlackFideId "2313510"]
[EventDate "2018.03.06"]

1. e4 e5 2. Nf3 d6 3. Bc4 Be7 4. c3 Nf6 5. d3 O-O 6. Nbd2 c6 7. Bb3 Nbd7 8. Nf1
Qc7 9. Ng3 d5 10. Qe2 h6 11. O-O Re8 12. h3 a6 13. Re1 Bf8 14. Nh4 b5 15. Nhf5
a5 16. Qf3 Bb7 17. Nh5 Nxh5 18. Qxh5 Nf6 19. Qh4 h5 20. Re3 Be7 21. Rg3 g6 22.
Nxe7+ Qxe7 23. Bg5 Qd6 24. Bxf6 Kh7 25. Bg5 c5 26. Bxd5 Bxd5 27. exd5 Qxd5 28.
Qe4 Qd6 29. Re3 Kg7 30. Rae1 f6 31. Bh4 Ra7 32. Qf3 Rf7 33. Bg3 Rfe7 34. Qe2 Kf7
35. Qc2 Qd5 36. Qb3 c4 37. dxc4 bxc4 38. Qd1 Qb5 39. R3e2 g5 40. h4 gxh4 41.
Bxh4 Rd7 42. Rd2 Ke6 43. Rxd7 Qxd7 44. Qxd7+ Kxd7 45. Bxf6 1-0

[Event "Reykjavik Open 2018"]
[Site "Reykjavik ISL"]
[Date "2018.03.12"]
[Round "7.111"]
[White "Karlsson, Isak Orri"]
[Black "Stuart, Brian"]
[Result "1/2-1/2"]
[WhiteElo "1288"]
[BlackElo "1688"]
[WhiteFideId "2312530"]
[BlackFideId "445053"]
[EventDate "2018.03.06"]

1. d4 Nf6 2. c4 g6 3. Nc3 d5 4. Bg5 c6 5. Qd2 Bg7 6. Bh6 O-O 7. Nf3 dxc4 8. Bxg7
Kxg7 9. a4 Bf5 10. e3 Nbd7 11. Bxc4 Nb6 12. Bb3 Qd6 13. Nh4 Be6 14. Bc2 Nc4 15.
Qc1 Qb4 16. O-O Rfd8 17. Na2 Qb6 18. b3 Na5 19. Rb1 Rac8 20. Nf3 Qc7 21. Qd2 c5
22. Rfc1 b6 23. Nc3 a6 24. Ne2 Qb7 25. Nf4 Bd5 26. Nxd5 Nxd5 27. Be4 Qd7 28.
Bxd5 Qxd5 29. Qc3 Kg8 30. Qb2 f6 31. dxc5 Rxc5 32. Rxc5 bxc5 33. h3 1/2-1/2

[Event "Reykjavik Open 2018"]
[Site "Reykjavik ISL"]
[Date "2018.03.12"]
[Round "7.112"]
[White "Steinthorsson, Birgir Logi"]
[Black "Steingrimsson, Karl Egill"]
[Result "0-1"]
[WhiteElo "1062"]
[BlackElo "1659"]
[WhiteFideId "2312093"]
[BlackFideId "2304791"]
[EventDate "2018.03.06"]

1. d4 Nf6 2. Nf3 d5 3. Bf4 e6 4. e3 c6 5. c3 Be7 6. Bd3 Qb6 7. Qc2 h6 8. O-O O-O
9. Nbd2 Nbd7 10. Rfe1 c5 11. c4 cxd4 12. Nxd4 Bb4 13. c5 Bxc5 14. Nb5 e5 15. Bg3
a6 16. b4 axb5 17. bxc5 Qxc5 18. Rec1 Qb6 19. Rab1 b4 20. e4 Re8 21. exd5 Nxd5
22. Qb3 N5f6 23. Bg6 Rf8 24. Nc4 Qe6 25. Bd3 Nc5 26. Qd1 e4 27. Ne5 Nxd3 28.
Nxd3 exd3 29. Qxd3 Qe4 30. Qd2 Be6 31. Rxb4 Qd5 32. Qc3 Rfd8 33. Rf1 Rdc8 34.
Qe3 Rxa2 35. Rd4 Qa5 36. Rdd1 b5 37. h3 b4 38. Be5 Ra3 39. Qd4 Ne8 40. Rfe1 b3
41. Qb2 Ra2 42. Qb1 Rcc2 43. Rc1 Qc5 44. Rxc2 Rxc2 45. Rd1 Qxf2+ 0-1

[Event "Reykjavik Open 2018"]
[Site "Reykjavik ISL"]
[Date "2018.03.12"]
[Round "7.114"]
[White "Davidsdottir, Nansy"]
[Black "Thorisson, Benedikt"]
[Result "1-0"]
[WhiteElo "1975"]
[BlackElo "1214"]
[WhiteFideId "2309491"]
[BlackFideId "2314576"]
[EventDate "2018.03.06"]

1. e4 c5 2. Nf3 e6 3. d4 cxd4 4. Nxd4 a6 5. Nc3 Qc7 6. g3 Bb4 7. Ne2 b5 8. Bg2
Bb7 9. O-O Nf6 10. Bf4 d6 11. a3 e5 12. axb4 exf4 13. Nxf4 O-O 14. Nfd5 Nxd5 15.
Nxd5 Qd8 16. Qd2 Nc6 17. Rad1 Re8 18. Rfe1 Rc8 19. Ne3 Qf6 20. c3 Rcd8 21. Nd5
Qg6 22. f4 Qh6 23. Qf2 Rd7 24. e5 dxe5 25. Nf6+ Qxf6 26. Rxd7 Ba8 27. Qd2 Ne7
28. Bxa8 Qb6+ 29. Qf2 1-0

[Event "Reykjavik Open 2018"]
[Site "Reykjavik ISL"]
[Date "2018.03.12"]
[Round "7.115"]
[White "Morgan, George"]
[Black "Ontiveros, John"]
[Result "1/2-1/2"]
[WhiteElo "1536"]
[BlackElo "1736"]
[WhiteFideId "3227340"]
[BlackFideId "2303981"]
[EventDate "2018.03.06"]

1. e4 e5 2. d4 exd4 3. c3 d3 4. Bxd3 d6 5. Nf3 Nf6 6. Bg5 Be7 7. O-O O-O 8. Nbd2
Nc6 9. Nd4 Ne5 10. Be2 h6 11. Bh4 Ng6 12. Bg3 Re8 13. Qc2 Bf8 14. f4 c5 15. N4b3
Nd5 16. Qd3 Nf6 17. Qc2 Nd5 18. Qd3 Nf6 19. Qc2 Nd5 1/2-1/2

[Event "Reykjavik Open 2018"]
[Site "Reykjavik ISL"]
[Date "2018.03.12"]
[Round "7.116"]
[White "Grymer-Hansen, Soren"]
[Black "Stefansson, Benedikt"]
[Result "0-1"]
[WhiteElo "1706"]
[BlackElo "1297"]
[WhiteFideId "1428543"]
[BlackFideId "2312379"]
[EventDate "2018.03.06"]

1. e4 e6 2. f4 d5 3. e5 c5 4. Nf3 Nc6 5. c3 Nh6 6. Bd3 c4 7. Bc2 Be7 8. O-O Ng4
9. d4 cxd3 10. Qxd3 Bc5+ 11. Nd4 Bxd4+ 12. cxd4 Qb6 13. Ba4 Bd7 14. Bxc6 Bxc6
15. Na3 O-O 16. Bd2 Nh6 17. Bc3 a5 18. Rf3 f5 19. Qd2 Qa7 20. Nc2 b5 21. a3 Nf7
22. Ne3 Kh8 23. g4 g6 24. Kh1 a4 25. Bb4 Rg8 26. Bc5 Qb7 27. Rc1 Ra6 28. Qf2 Nh6
29. Qh4 fxg4 30. Nxg4 Nxg4 31. Qxg4 Qf7 32. Rg1 Raa8 33. Qh4 Rg7 34. Rfg3 Qf5
35. h3 Qf7 36. Kh2 Rc8 37. Rg4 Be8 38. Qh6 Rc7 39. R1g2 Qf5 40. Qh4 h5 41. Rg5
Qe4 42. Qf2 Rcf7 43. Kg3 h4+ 44. Kg4 Rf5 45. Kxh4 Rxf4+ 0-1

[Event "Reykjavik Open 2018"]
[Site "Reykjavik ISL"]
[Date "2018.03.12"]
[Round "7.117"]
[White "Thorsson, Pall"]
[Black "Mancini, Pietro"]
[Result "1-0"]
[WhiteElo "1693"]
[BlackElo "1020"]
[WhiteFideId "2304406"]
[BlackFideId "2854541"]
[EventDate "2018.03.06"]

1. g3 d5 2. Bg2 Nf6 3. d3 c6 4. Nf3 Bf5 5. O-O Nbd7 6. c4 e6 7. Nc3 Be7 8. cxd5
exd5 9. Re1 Bg6 10. Bf4 O-O 11. Nh4 Nc5 12. Bh3 Bd6 13. Qd2 Bxf4 14. Qxf4 d4 15.
Nb1 Bxd3 16. Nf3 Bxb1 17. Raxb1 Qd5 18. Nxd4 Qxa2 19. b3 Qa6 20. f3 Qb6 21. Kg2
Rae8 22. Qh4 Qd8 23. Rbd1 Qd5 24. b4 Ncd7 25. Ne6 g5 26. Qh6 fxe6 1-0

[Event "Reykjavik Open 2018"]
[Site "Reykjavik ISL"]
[Date "2018.03.12"]
[Round "7.119"]
[White "Halldorsson, Haukur"]
[Black "Sigfusson, Ottar Orn Bergmann"]
[Result "1-0"]
[WhiteElo "1569"]
[BlackElo "1100"]
[WhiteFideId "2305089"]
[BlackFideId "2313057"]
[EventDate "2018.03.06"]

1. Nf3 Nc6 2. d4 d5 3. g3 b6 4. Bg2 Bb7 5. O-O g6 6. c3 Bg7 7. Nbd2 Nf6 8. Nb3
O-O 9. Bf4 Re8 10. Be5 Nxe5 11. Nxe5 Nd7 12. Nxd7 Qxd7 13. e3 e5 14. dxe5 Rxe5
15. Qd2 Rd8 16. Rfd1 c6 17. Nd4 h5 18. Nf3 Re7 19. Qd3 Bh6 20. Qc2 Qe6 21. c4
Qe4 22. Qxe4 Rxe4 23. Nd4 Re7 24. cxd5 cxd5 25. Ne2 Bg7 26. Rab1 Red7 27. Nd4 g5
28. Rd2 a6 29. Rbd1 b5 30. Nb3 f5 31. Nc5 Rc7 32. Nxb7 Rxb7 33. a4 Re7 34. Bxd5+
Kh7 35. Bb3 Rc8 36. Bc2 Kg6 37. Rd6+ Bf6 38. Bb3 Rec7 39. Be6 Re8 40. Rxa6 Rce7
41. Rdd6 h4 42. Bxf5+ Kxf5 43. Rxf6+ Kg4 44. gxh4 gxh4 45. b3 Kh3 46. Rf3+ Kg4
47. Rf4+ Kh3 48. Rh6 Rg7+ 49. Kh1 Rg4 50. Rf3+ Rg3 51. hxg3 Rd8 52. Rxh4# 1-0

[Event "Reykjavik Open 2018"]
[Site "Reykjavik ISL"]
[Date "2018.03.12"]
[Round "7.120"]
[White "Gunnarsson, Baltasar Mani Wedhol"]
[Black "Sigurdsson, Baldur Heidar"]
[Result "1-0"]
[WhiteElo "1270"]
[BlackElo "1540"]
[WhiteFideId "2311917"]
[BlackFideId "2313766"]
[EventDate "2018.03.06"]

1. e4 g6 2. d4 d6 3. Nf3 Nf6 4. Nc3 Bg7 5. Bc4 O-O 6. h3 Nc6 7. O-O e5 8. d5 Ne7
9. Re1 Ne8 10. Bg5 h6 11. Be3 f5 12. Qc1 f4 13. Bd2 g5 14. Nh2 Ng6 15. f3 Nf6
16. Rf1 h5 17. Be2 Nh4 18. Be1 Nxf3+ 19. Bxf3 g4 20. hxg4 hxg4 21. Be2 g3 22.
Nf3 Ng4 23. Bd2 Qf6 24. Re1 Kf7 25. Bd3 Rh8 26. Kf1 Nh2+ 27. Ke2 Nxf3 28. gxf3
Rh2+ 29. Kd1 g2 30. Ne2 Bh6 31. c3 Bh3 32. Kc2 Rg8 33. Rg1 Bg5 34. Be1 Bh4 35.
Kb3 Bd7 36. Qd2 c6 37. dxc6 bxc6 38. Bc4+ Be6 39. Bxe6+ Qxe6+ 40. Kc2 Bd8 41.
Bf2 d5 42. Bxa7 dxe4 43. Nxf4 exf4 44. Qxf4+ Qf6 45. Qxh2 exf3 46. Qh5+ Rg6 47.
Bd4 Qe6 48. Qxf3+ 1-0

[Event "Reykjavik Open 2018"]
[Site "Reykjavik ISL"]
[Date "2018.03.12"]
[Round "7.121"]
[White "Moller, Tomas"]
[Black "Jonasson, Hordur"]
[Result "1/2-1/2"]
[WhiteElo "1071"]
[BlackElo "1539"]
[WhiteFideId "2315343"]
[BlackFideId "2311224"]
[EventDate "2018.03.06"]

1. e4 e6 2. d4 d5 3. e5 c5 4. c3 Nc6 5. f4 cxd4 6. cxd4 Bb4+ 7. Bd2 Qa5 8. Bc3
Nge7 9. Nf3 Bxc3+ 10. Nxc3 Qb4 11. Qd2 Nf5 12. O-O-O a6 13. g4 Nfe7 14. Bd3 Bd7
15. Bc2 Na5 16. Na4 Qxd2+ 17. Rxd2 Bxa4 18. Bxa4+ b5 19. Bc2 Rc8 20. Kb1 Kd7 21.
Bd3 Rc7 22. Rc1 Rxc1+ 23. Kxc1 Rc8+ 24. Rc2 Nc4 25. b3 Ne3 26. Rxc8 Kxc8 27. h3
h6 28. Kd2 Ng2 29. f5 Nf4 30. f6 gxf6 31. exf6 Ng8 32. Ne5 Nxf6 33. Nxf7 Nxh3
34. Nxh6 Ng5 35. Ke3 Kd8 36. Kf4 Nh3+ 37. Ke5 Ke7 38. Bf1 Nf2 39. g5 Nh5 40. g6
Ne4 41. Bg2 Nef6 42. Bf3 Ng7 43. Ng4 Nd7+ 44. Kf4 b4 45. Ne5 Nxe5 46. Kxe5 a5 1/2-1/2

[Event "Reykjavik Open 2018"]
[Site "Reykjavik ISL"]
[Date "2018.03.12"]
[Round "7.122"]
[White "Alexandersson, Orn"]
[Black "Hestnes, Thomas Due"]
[Result "1-0"]
[WhiteElo "1466"]
[BlackElo "1425"]
[WhiteFideId "2315912"]
[BlackFideId "1542281"]
[EventDate "2018.03.06"]

1. d4 f5 2. c4 Nf6 3. Nf3 e6 4. g3 Be7 5. Bg2 O-O 6. O-O d6 7. Nc3 Nbd7 8. Qc2
Nb6 9. b3 Qe8 10. e4 fxe4 11. Nxe4 Nxe4 12. Qxe4 d5 13. Qc2 c6 14. Re1 Qh5 15.
c5 Nd7 16. Rxe6 Bd8 17. Re1 Nf6 18. Bf4 Bf5 19. Qb2 Bh3 20. Bxh3 Qxh3 21. Bd6
Re8 22. Ng5 Qh5 23. Ne6 Ne4 24. Nf4 Qg4 25. Be5 g5 26. Nd3 Re6 27. Kg2 Rh6 28.
f3 Qh3+ 29. Kg1 Nc3 30. g4 Ba5 31. b4 Qxf3 32. Qxc3 Qxg4+ 33. Bg3 Bc7 34. Nf2
Qh5 35. Bxc7 Rf8 36. Qe3 Rxf2 37. Qxf2 Qg4+ 38. Kh1 1-0

[Event "Reykjavik Open 2018"]
[Site "Reykjavik ISL"]
[Date "2018.03.13"]
[Round "8.1"]
[White "Adhiban, Baskaran"]
[Black "Rapport, Richard"]
[Result "1-0"]
[WhiteTitle "GM"]
[BlackTitle "GM"]
[WhiteElo "2650"]
[BlackElo "2715"]
[WhiteFideId "5018471"]
[BlackFideId "738590"]
[EventDate "2018.03.06"]

1. d4 d5 2. c4 c6 3. Nf3 Nf6 4. Nc3 dxc4 5. e4 b5 6. Be2 e6 7. O-O Be7 8. a4 b4
9. e5 bxc3 10. exf6 Bxf6 11. bxc3 Ba6 12. Ne5 Bxe5 13. dxe5 Qxd1 14. Rxd1 Nd7
15. f4 Nb6 16. Rd6 O-O 17. Bf3 Nc8 18. Rxc6 Bb7 19. Rxc8 Raxc8 20. Bxb7 Rb8 21.
Ba6 Rb3 22. Ba3 Rd8 23. Bb4 Rd2 24. Bxc4 Rbb2 25. Bf1 h5 26. a5 a6 27. Bc5 g6 1-0

[Event "Reykjavik Open 2018"]
[Site "Reykjavik ISL"]
[Date "2018.03.13"]
[Round "8.2"]
[White "Fernandez, Daniel Howard"]
[Black "Yilmaz, Mustafa"]
[Result "0-1"]
[WhiteTitle "GM"]
[BlackTitle "GM"]
[WhiteElo "2505"]
[BlackElo "2619"]
[WhiteFideId "5801605"]
[BlackFideId "6302718"]
[EventDate "2018.03.06"]

1. b3 d5 2. Bb2 Bg4 3. Nf3 Nd7 4. g3 e6 5. Bg2 Ngf6 6. c4 c6 7. h3 Bxf3 8. Bxf3
Bd6 9. Bg2 O-O 10. O-O a5 11. a4 Re8 12. e3 Nc5 13. d4 Nce4 14. Qc2 Bb4 15. Kh2
Qb8 16. Nc3 Nxc3 17. Bxc3 Bxc3 18. Qxc3 Qd6 19. Rfb1 Re7 20. b4 axb4 21. Qxb4
Qxb4 22. Rxb4 Ra5 23. Rab1 Ra7 24. f4 Kf8 25. g4 Rd7 26. g5 Ng8 27. c5 h5 28.
gxh6 Nxh6 29. e4 dxe4 30. Bxe4 g6 31. Kg3 Ng8 32. Kf2 Nf6 33. Bf3 Ke8 34. Ke3
Kd8 35. a5 Kc8 36. Ra4 Rc7 37. h4 Ng8 38. h5 gxh5 39. Bxh5 Ne7 40. Bf3 Rd7 41.
Rh1 Rd8 42. Rh7 Rf8 43. Be4 Ra8 44. Ra1 Kd7 45. Kd2 Ra7 46. Kc3 Ke8 47. Kb4 Rg8
48. Rah1 Ra8 49. R7h3 Kd7 50. Bf3 Rg6 51. Be4 Rg4 52. Rh4 Rag8 53. a6 bxa6 54.
Ka5 Rg3 55. R1h3 Rxh3 56. Rxh3 Rg4 57. Rf3 f5 58. Bc2 Nd5 59. Rb3 Rxf4 60. Rb7+
Kc8 61. Rh7 Rxd4 62. Ba4 Rc4 63. Rh8+ Kb7 0-1

[Event "Reykjavik Open 2018"]
[Site "Reykjavik ISL"]
[Date "2018.03.13"]
[Round "8.3"]
[White "Nihal, Sarin"]
[Black "Vaibhav, Suri"]
[Result "1/2-1/2"]
[WhiteTitle "IM"]
[BlackTitle "GM"]
[WhiteElo "2534"]
[BlackElo "2544"]
[WhiteFideId "25092340"]
[BlackFideId "5045185"]
[EventDate "2018.03.06"]

1. c4 Nf6 2. Nc3 e5 3. Nf3 Nc6 4. g3 d5 5. cxd5 Nxd5 6. Bg2 Nb6 7. O-O Be7 8. a3
O-O 9. b4 Be6 10. Rb1 f6 11. b5 Nd4 12. e3 Nxf3+ 13. Bxf3 Qc8 14. Qc2 Rd8 15. d4
Bf5 16. Qb3+ Be6 17. Qc2 Bf5 18. Qb3+ Be6 19. Qc2 Bf5 1/2-1/2

[Event "Reykjavik Open 2018"]
[Site "Reykjavik ISL"]
[Date "2018.03.13"]
[Round "8.4"]
[White "Eljanov, Pavel"]
[Black "Antal, Tibor Kende"]
[Result "1-0"]
[WhiteTitle "GM"]
[BlackTitle "FM"]
[WhiteElo "2713"]
[BlackElo "2419"]
[WhiteFideId "14102951"]
[BlackFideId "738581"]
[EventDate "2018.03.06"]

1. Nf3 d5 2. g3 Nf6 3. Bg2 c6 4. O-O Bf5 5. c4 e6 6. Qb3 Qb6 7. d3 Nbd7 8. Qc2
dxc4 9. Qxc4 Bg4 10. Nbd2 Be7 11. Qc2 Bxf3 12. Bxf3 Ne5 13. Bg2 O-O 14. b3 c5
15. Nc4 Nxc4 16. bxc4 Qc7 17. Rb1 Rab8 18. Bf4 e5 19. Bg5 Ne8 20. Bd2 Nd6 21. a4
b6 22. Bd5 Nb7 23. Bc3 Bd6 24. e3 Na5 25. f4 Kh8 26. fxe5 Bxe5 27. d4 Bd6 28.
Qf5 Rbe8 29. Bxa5 bxa5 30. Rb7 Qd8 31. Rd7 Qb8 32. Rb1 Qc8 33. Bb7 Qb8 34. Be4 1-0

[Event "Reykjavik Open 2018"]
[Site "Reykjavik ISL"]
[Date "2018.03.13"]
[Round "8.6"]
[White "Perelshteyn, Eugene"]
[Black "Gledura, Benjamin"]
[Result "1-0"]
[WhiteTitle "GM"]
[BlackTitle "GM"]
[WhiteElo "2513"]
[BlackElo "2632"]
[WhiteFideId "2012529"]
[BlackFideId "712779"]
[EventDate "2018.03.06"]

1. e4 e5 2. Nc3 Nf6 3. f4 d5 4. fxe5 Nxe4 5. Qf3 Nxc3 6. bxc3 Be7 7. d4 c5 8.
Bd3 cxd4 9. cxd4 Qa5+ 10. Bd2 Bb4 11. Rd1 Bxd2+ 12. Rxd2 Nc6 13. Ne2 Nb4 14. O-O
O-O 15. Ng3 Qb6 16. c3 Nxd3 17. Rxd3 Qg6 18. h3 Bd7 19. Re3 Qg5 20. Nh5 Rac8 21.
Nf4 Be6 22. Qf2 Qe7 23. Rg3 Kh8 24. Rf3 Rc7 25. Qg3 Rg8 26. Kh2 b5 27. Qe1 Rgc8
28. Rg3 Rc4 29. Rff3 b4 30. Nh5 bxc3 31. Rxg7 Rxd4 32. Qe3 Bg4 33. Qh6 Qxe5+ 34.
Rg3 Bf5 35. Nf6 1-0

[Event "Reykjavik Open 2018"]
[Site "Reykjavik ISL"]
[Date "2018.03.13"]
[Round "8.7"]
[White "Cornette, Matthieu"]
[Black "Hjartarson, Johann"]
[Result "1-0"]
[WhiteTitle "GM"]
[BlackTitle "GM"]
[WhiteElo "2620"]
[BlackElo "2513"]
[WhiteFideId "620084"]
[BlackFideId "2300044"]
[EventDate "2018.03.06"]

1. e4 c5 2. Nf3 e6 3. d4 cxd4 4. Nxd4 a6 5. Nc3 Qc7 6. Bd3 b5 7. O-O Nf6 8. Re1
Bb7 9. e5 Nd5 10. Nxd5 Bxd5 11. a4 b4 12. Bd2 Nc6 13. Nf3 h6 14. Rc1 Bc5 15. c4
Bxf3 16. Qxf3 Rc8 17. Qg3 g5 18. Re4 Bd4 19. Rxd4 Nxd4 20. Bxb4 Qb7 21. Ba3 Qb3
22. Qe3 Nf5 23. Qd2 Ne7 24. Rd1 Qxa4 25. Bc2 Qc6 26. Qb4 O-O 27. Qxe7 Qxc4 28.
Bb1 Qe2 29. Qxd7 Rc7 30. Qd6 Re8 31. h3 Kg7 32. Be4 Rec8 33. Bf3 Qb5 34. Bb4 a5
35. Bc3 a4 36. Rd4 Rxc3 37. bxc3 Rxc3 38. Rb4 Qa5 39. Rb8 Qc5 40. Qd8 Rc1+ 41.
Bd1 1-0

[Event "Reykjavik Open 2018"]
[Site "Reykjavik ISL"]
[Date "2018.03.13"]
[Round "8.8"]
[White "Landa, Konstantin"]
[Black "Hamitevici, Vladimir"]
[Result "1-0"]
[WhiteTitle "GM"]
[BlackTitle "GM"]
[WhiteElo "2613"]
[BlackElo "2512"]
[WhiteFideId "4101685"]
[BlackFideId "13902393"]
[EventDate "2018.03.06"]

1. d4 Nf6 2. c4 b6 3. Nc3 Bb7 4. Qc2 d5 5. cxd5 Nxd5 6. e4 Nxc3 7. bxc3 e6 8.
Nf3 Be7 9. Bb2 O-O 10. Bd3 c5 11. d5 exd5 12. exd5 Qxd5 13. Bxh7+ Kh8 14. O-O
Bf6 15. Rad1 Qxa2 16. Qf5 Bxf3 17. gxf3 Qxb2 18. Qh5 Bg5 19. Be4+ Bh6 20. Rd6 1-0

[Event "Reykjavik Open 2018"]
[Site "Reykjavik ISL"]
[Date "2018.03.13"]
[Round "8.9"]
[White "Can, Emre"]
[Black "Praggnanandhaa, R"]
[Result "1/2-1/2"]
[WhiteTitle "GM"]
[BlackTitle "IM"]
[WhiteElo "2603"]
[BlackElo "2507"]
[WhiteFideId "6302181"]
[BlackFideId "25059530"]
[EventDate "2018.03.06"]

1. Nf3 Nf6 2. c4 e6 3. g3 d5 4. d4 Bb4+ 5. Bd2 Bd6 6. Bg2 c6 7. O-O O-O 8. b3
Ne4 9. Bc1 Qe7 10. Bb2 f5 11. Nbd2 Nd7 12. Rc1 a5 13. Ne1 b5 14. c5 Bc7 15. Nd3
b4 16. f3 Nxd2 17. Qxd2 Nf6 18. Rfe1 Ba6 19. Nf2 Nh5 20. Nh3 Nf6 21. e3 Rae8 22.
Ra1 Ra8 23. a3 Rfb8 24. Nf2 Qd8 25. e4 a4 26. axb4 axb3 27. exf5 exf5 28. Qe3 f4
29. gxf4 Bb5 30. Ng4 Rxa1 31. Rxa1 Qd7 32. Bh3 Re8 33. Qxb3 Nxg4 34. fxg4 Bxf4
35. Qf3 Qc7 36. Bf1 Bxh2+ 37. Kh1 Rf8 38. Qg2 Bxf1 39. Rxf1 Bf4 40. b5 Qe7 41.
g5 Qxg5 42. Qxg5 Bxg5 43. Rg1 Be3 44. Re1 Bf2 45. Re6 cxb5 46. Rd6 Be3 47. c6
Rf1+ 48. Kg2 Rf2+ 49. Kh3 Rxb2 50. c7 Rc2 51. Rd8+ Kf7 52. c8=Q Rxc8 53. Rxc8
Bxd4 54. Rb8 Ke6 55. Kg4 Bf6 56. Rxb5 Ke5 57. Rb4 d4 58. Kf3 Kf5 59. Rb5+ Be5
60. Rb1 h5 61. Rh1 g6 62. Rh4 Kg5 63. Rh1 Kf5 64. Rh4 Bf6 65. Rf4+ Ke5 66. Re4+
Kf5 67. Rf4+ Ke5 68. Re4+ Kd5 69. Rf4 Be5 70. Rh4 Bd6 71. Rh1 Ke5 72. Rh4 Kd5
73. Rh1 Be7 74. Re1 Bf6 75. Kf4 d3 76. Ke3 Kc4 77. Rc1+ Bc3 78. Rh1 Bd4+ 79. Kd2
Bc3+ 80. Kd1 Bf6 81. Rf1 Bd4 82. Kd2 Bc3+ 83. Ke3 Bd4+ 84. Kd2 Be5 85. Rf3 Bc3+
86. Ke3 Bg7 87. Kd2 Bc3+ 88. Ke3 Bb4 89. Rg3 Bc5+ 90. Kd2 Bb4+ 91. Ke3 Bc5+ 92.
Kd2 Bb4+ 93. Ke3 Bc5+ 1/2-1/2

[Event "Reykjavik Open 2018"]
[Site "Reykjavik ISL"]
[Date "2018.03.13"]
[Round "8.11"]
[White "Kveinys, Aloyzas"]
[Black "Lagarde, Maxime"]
[Result "0-1"]
[WhiteTitle "GM"]
[BlackTitle "GM"]
[WhiteElo "2511"]
[BlackElo "2587"]
[WhiteFideId "12800040"]
[BlackFideId "662399"]
[EventDate "2018.03.06"]

1. Nf3 Nf6 2. c4 g6 3. g3 Bg7 4. Bg2 d5 5. cxd5 Nxd5 6. O-O Nc6 7. Nc3 Nb6 8. d3
O-O 9. Be3 h6 10. Qc1 Kh7 11. Rd1 Be6 12. Ne4 Qc8 13. Qc2 Rd8 14. a3 a5 15. Bd2
Bd5 16. Bc3 e5 17. b4 Nd4 18. Bxd4 exd4 19. Nc5 c6 20. Rab1 a4 21. Rdc1 Qc7 22.
Qd1 Qe7 23. b5 Ra5 24. bxc6 Rxc5 25. Rxb6 bxc6 26. Ra1 Rb5 27. Rxb5 cxb5 28. Nd2
Be6 29. Rb1 Rb8 30. Rb4 Qc7 31. Nb1 Bb3 32. Qe1 Qc2 0-1

[Event "Reykjavik Open 2018"]
[Site "Reykjavik ISL"]
[Date "2018.03.13"]
[Round "8.12"]
[White "Grigoriants, Sergey"]
[Black "Christiansen, Johan-Sebastian"]
[Result "1/2-1/2"]
[WhiteTitle "GM"]
[BlackTitle "IM"]
[WhiteElo "2568"]
[BlackElo "2486"]
[WhiteFideId "4130804"]
[BlackFideId "1512668"]
[EventDate "2018.03.06"]

1. Nf3 f5 2. g3 Nf6 3. Bg2 d6 4. d4 g6 5. c4 Bg7 6. Nc3 O-O 7. O-O Qe8 8. d5 Na6
9. Be3 Bd7 10. Qd2 Ng4 11. Bf4 Nc5 12. h3 Nf6 13. Qe3 Nfe4 14. Nxe4 fxe4 15. Nd2
Bxb2 16. Rab1 Bg7 17. Nb3 b6 18. h4 Nxb3 19. axb3 a5 20. Bxe4 a4 21. bxa4 Rxa4
22. Rbc1 Qf7 23. Bg5 Bf6 24. Kg2 Bxg5 25. hxg5 Rfa8 26. Rh1 Ra3 27. Bd3 e5 28.
Rh4 Ra1 29. Rxa1 Rxa1 30. Be4 Ra4 31. Bc2 Ra2 32. Bb1 Ra1 33. Be4 Ra4 34. Bc2
Ra2 35. Bb1 Ra1 36. Be4 1/2-1/2

[Event "Reykjavik Open 2018"]
[Site "Reykjavik ISL"]
[Date "2018.03.13"]
[Round "8.13"]
[White "Thorhallsson, Throstur"]
[Black "Ramirez, Alejandro"]
[Result "0-1"]
[WhiteTitle "GM"]
[BlackTitle "GM"]
[WhiteElo "2419"]
[BlackElo "2568"]
[WhiteFideId "2300109"]
[BlackFideId "6500617"]
[EventDate "2018.03.06"]

1. e4 c5 2. Nf3 e6 3. d4 cxd4 4. Nxd4 Nc6 5. Nc3 Qc7 6. Be3 a6 7. Be2 Nf6 8. O-O
Be7 9. f4 d6 10. Kh1 O-O 11. Qe1 Nxd4 12. Bxd4 b5 13. a3 Nd7 14. Qg3 Bf6 15.
Bxf6 Nxf6 16. Bd3 Bb7 17. Rae1 Rae8 18. Re3 e5 19. Qh4 Qe7 20. Rh3 h6 21. fxe5
dxe5 22. Qg3 Kh8 23. Qe3 Nh7 24. a4 bxa4 25. Nd5 Bxd5 26. exd5 e4 27. Bxa6 Qe5
28. Bb5 Rb8 29. c4 Qxb2 30. Bxa4 f5 31. Qf4 Ra8 32. Bd7 Ra1 33. Kg1 Rfa8 34. Re3
R8a2 35. Re2 Rxf1+ 36. Qxf1 Qxe2 37. Qxe2 Rxe2 38. c5 Rc2 39. c6 e3 40. Kf1 Nf6
41. d6 Ne4 42. Bxf5 Rf2+ 43. Ke1 Nxd6 0-1

[Event "Reykjavik Open 2018"]
[Site "Reykjavik ISL"]
[Date "2018.03.13"]
[Round "8.14"]
[White "Friedel, Joshua"]
[Black "Sundararajan, Kidambi"]
[Result "0-1"]
[WhiteTitle "GM"]
[BlackTitle "GM"]
[WhiteElo "2562"]
[BlackElo "2427"]
[WhiteFideId "2017199"]
[BlackFideId "5005370"]
[EventDate "2018.03.06"]

1. Nf3 e6 2. g3 b5 3. e4 Bb7 4. Bxb5 Bxe4 5. O-O Nf6 6. d4 Be7 7. c4 O-O 8. Nc3
Bb7 9. Re1 Bb4 10. Qd3 Nc6 11. Ba4 Ne7 12. a3 Bxc3 13. Qxc3 Ne4 14. Qd3 f5 15.
Nh4 g5 16. Ng2 g4 17. Bd1 Ng6 18. b4 Ng5 19. Bxg5 Qxg5 20. Ba4 Bxg2 21. Kxg2 Rf7
22. c5 c6 23. b5 cxb5 24. Bxb5 Raf8 25. Ra2 f4 26. Kg1 fxg3 27. hxg3 Rf3 28. Qe4
R8f7 29. a4 Qf6 30. Ree2 Rxg3+ 31. fxg3 Qf1+ 32. Kh2 Qh3+ 0-1

[Event "Reykjavik Open 2018"]
[Site "Reykjavik ISL"]
[Date "2018.03.13"]
[Round "8.15"]
[White "Stefansson, Hannes"]
[Black "Haria, Ravi"]
[Result "1-0"]
[WhiteTitle "GM"]
[BlackTitle "IM"]
[WhiteElo "2533"]
[BlackElo "2424"]
[WhiteFideId "2300087"]
[BlackFideId "415820"]
[EventDate "2018.03.06"]

1. d4 e6 2. c4 d5 3. Nc3 Bb4 4. Nf3 Nf6 5. Bg5 Nbd7 6. e3 c5 7. cxd5 exd5 8. Bd3
Qa5 9. Qc2 c4 10. Bf5 O-O 11. O-O Re8 12. Nd2 g6 13. Bxd7 Nxd7 14. e4 Bxc3 15.
bxc3 dxe4 16. Bh4 Qd5 17. Rfe1 f5 18. f3 e3 19. Bg5 e2 20. a4 b6 21. Nb1 Ba6 22.
Rxe2 Kf7 23. Na3 Rxe2 24. Qxe2 Re8 25. Qd2 Bb7 26. Nb5 Qc6 27. Nxa7 Qd5 28. Nb5
Qc6 29. Qf4 Re2 30. Kf1 Re6 31. Rd1 Nf6 32. Bxf6 Rxf6 33. d5 1-0